Scientists by Picture - Statistics

General Stats
  • This quiz has been taken 160 times
  • The average score is 12 of 20
Answer Stats
Picture Hint Answer % Correct
1879 - 1955 Albert Einstein
99%
1643 - 1727 Isaac Newton
96%
1867 - 1934 Marie Curie
94%
1856 - 1943 Nikola Tesla
94%
1942 - 2018 Stephen Hawking
94%
1809 - 1882 Charles Darwin
86%
1564 - 1642 Galileo Galilei
79%
1847 - 1931 Thomas Edison
66%
1473 - 1543 Nicolaus Copernicus
59%
1904 - 1967 J. Robert Oppenheimer
57%
1856 - 1939 Sigmund Freud
57%
1912 - 1954 Alan Turing
54%
1934 - present Jane Goodall
48%
1885 - 1962 Niels Bohr
43%
1815 - 1852 Ada Lovelace
38%
1901 - 1976 Werner Heisenberg
31%
1920 - 1958 Rosalind Franklin
27%
1955 - present Tim Berners-Lee
24%
1864 - 1943 George Washington Carver
20%
1910 - 1994 Dorothy Hodgkin
7%
No matching quizzes found
Score Distribution
Percent of People with Each Score
Percentile by Number Answered
Your Score History
You have not taken this quiz